| 000 -LEADER |
| fixed length control field |
00820nam a22002177a 4500 |
| 005 - DATE AND TIME OF LATEST TRANSACTION |
| control field |
20250729160538.0 |
| 008 - FIXED-LENGTH DATA ELEMENTS--GENERAL INFORMATION |
| fixed length control field |
250729s2018 en ||||| |||| 00| 0 eng d |
| 020 ## - INTERNATIONAL STANDARD BOOK NUMBER |
| International Standard Book Number |
9780323400534 X |
| 041 ## - LANGUAGE CODE |
| Language code of text/sound track or separate title |
eng |
| 080 ## - UNIVERSAL DECIMAL CLASSIFICATION NUMBER |
| Universal Decimal Classification number |
616.31 M-23 |
| 100 ## - MAIN ENTRY--PERSONAL NAME |
| Personal name |
Malamed, Stanley F. |
| Dates associated with a name |
(Author) |
| 9 (RLIN) |
25702 |
| 245 ## - TITLE STATEMENT |
| Title |
Sedation : a guide to patient management / |
| Statement of responsibility, etc. |
Stanley F. Malamed |
| 250 ## - EDITION STATEMENT |
| Edition statement |
Sixth edition. |
| 264 ## - PRODUCTION, PUBLICATION, DISTRIBUTION, MANUFACTURE, AND COPYRIGHT NOTICE |
| Place of production, publication, distribution, manufacture |
St. Louis, Missouri : |
| Name of producer, publisher, distributor, manufacturer |
Elsevier, |
| Date of production, publication, distribution, manufacture, or copyright notice |
2018. |
| 300 ## - PHYSICAL DESCRIPTION |
| Extent |
xi, 620 pages : |
| Other physical details |
color illustrations ; |
| Dimensions |
28 cm. |
| 500 ## - GENERAL NOTE |
| General note |
Includes bibliographical references and index |
| 653 ## - INDEX TERM--UNCONTROLLED |
| keyword |
Anesthesia, Dental--methods Conscious Sedation--methods Pain--prevention & control Dental Anxiety--prevention & control |
| 653 ## - INDEX TERM--UNCONTROLLED |
| keyword |
სტომატოლოგია |
| 653 ## - INDEX TERM--UNCONTROLLED |
| keyword |
მედიცინა |
| 942 ## - ADDED ENTRY ELEMENTS (KOHA) |
| Source of classification or shelving scheme |
|
| Koha item type |
წიგნი |